Lạ kamba hsi thọ; (Record no. 62552)

MARC details
000 -LEADER
fixed length control field 00652nam a2200193 4500
001 - CONTROL NUMBER
control field sa 65002259
003 - CONTROL NUMBER IDENTIFIER
control field DLC
005 - DATE AND TIME OF LATEST TRANSACTION
control field 20260227112115.0
008 - FIXED-LENGTH DATA ELEMENTS--GENERAL INFORMATION
fixed length control field 880919q19501959br a 00010 buro
010 ## - LIBRARY OF CONGRESS CONTROL NUMBER
LC control number sa 65002259 //r882
050 0# - LIBRARY OF CONGRESS CALL NUMBER
Classification number PL3988.B3
Item number L3
100 00 - MAIN ENTRY--PERSONAL NAME
Personal name Ba Thoung,
Titles and words associated with a name Thakin,
Dates associated with a name 1901-
245 10 - TITLE STATEMENT
Title Lạ kamba hsi thọ;
Remainder of title hsān kye thāw akathạ hkạ yī sin.
Statement of responsibility, etc. Thạ hkin Bạ Thāung yēi thi. pān chi thạ yok hpaw Ū Kyaw Ū.
260 0# - PUBLICATION, DISTRIBUTION, ETC.
Place of publication, distribution, etc. [Yan kon,
Name of publisher, distributor, etc. Myan ma Naing Ngan Batha Pyan Sa pei Ạ thīn,
Date of publication, distribution, etc. 195-?]
300 ## - PHYSICAL DESCRIPTION
Extent 64 p.
Other physical details illus.
Dimensions 18 cm.
490 0# - SERIES STATEMENT
Series statement Pyi thụ let swē sa sin
500 ## - GENERAL NOTE
General note In Burmese.
500 ## - GENERAL NOTE
General note A novel.

No items available.

Powered by Koha